| 000 | 02156nam a2200433 c 4500 | ||
|---|---|---|---|
| 003 | BLK | ||
| 005 | 20240427142216.0 | ||
| 008 | 180410b bul|||||r ||||||| ||bul|| | ||
| 010 | _aKNG00154059000 | ||
| 020 |
_a978-954-9412-39-0 _bиздат.: Бит и техника |
||
| 040 | _aBLK | ||
| 041 |
_aBUL _cBUL |
||
| 072 | 7 |
_2bullib _aН372 _xУчебни предмети. Учебници Н |
|
| 080 |
_aСпециално обучение като елемент на общообразователното обучение - Обучение по техника, домакинство, селско стопанство и др. _b373.6 _x(075.2) _z373.6(075.2) |
||
| 100 | 1 |
_aНиколова, Тодорка Николова _eпърви автор _9364727 |
|
| 700 | 1 |
_aГърневска, Силвия Маркова _e* _9303701 |
|
| 700 | 1 |
_aАнаниева, Светла Костова _e* _9373498 |
|
| 700 | 1 |
_aАнаниев, Валентин Георгиев _e* _9373497 |
|
| 139 |
_aДомашен бит и техника за ІV клас _bД 76 |
||
| 245 | 1 | 0 |
_aДомашен бит и техника за ІV клас _cТодорка Николова Николова; * Силвия Маркова Гърневска; * Светла Костова Ананиева; * Валентин Георгиев Ананиев. |
| 250 | _a3. изд. | ||
| 257 | _aBGR | ||
| 260 |
_аВарна _bБит и техника _c2011 _fВарна : Хеликс прес |
||
| 300 |
_a36 с. _bс цв. ил. _c29 см |
||
| 380 | _a3 | ||
| 500 | _aКор. опис. - 1. изд. 2005. - Доп. тир. 2015. | ||
| 650 | 4 |
_aМетодика на преподаването - в началното училище _9261899 |
|
| 653 | _aбит | ||
| 653 | _aтехника | ||
| 653 | _aучебници за основни училища | ||
| 653 | _aІV кл. | ||
| 659 | _aН | ||
| 852 | _aЦб ІІ 19658 | ||
| 856 | 4 |
_qpdf _u |
|
| 856 | 4 |
_qpdf _u |
|
| 942 |
_cKNG _n0 _03 |
||
| 944 |
_aCR _c29.11.2013 _lГрета Цуфелде _k30537 |
||
| 944 |
_aED _c25.11.2015 _lф / _kЛюдмила_Стоянова |
||
| 999 |
_c147841 _d147841 |
||